Movies Quiz

Random Movies or Quote Quiz

Finding Nemo Quotes Quiz Stats

 Plays Quiz not verified by Sporcle

Also try: Oscar Best Actors
Challenge
Share
Tweet
Embed
Score 0/7 Timer 02:00
0 Plays Today
Quote Character % Correct
Hey, Conscience, am I dead?Dory
95.3%
How old are sea turtles?Nemo
92.4%
Fish are friends, not foodBruce
91%
Do ya, do ya, do ya? You wanna piece of me? Yeah, yeah! Ooh, I'm scared now! What? Dory
85.1%
That's not a duck, it's a... Pelican! Marlin
78.6%
All drains lead to the ocean, kid.Gill
72.6%
Remember: rip it, roll it, and punch it. Squirt
58.6%

You're not logged in!

Compare scores with friends on all Sporcle quizzes.
Join for Free
OR
Log In

You Might Also Like...

Show Comments

Extras

Top Quizzes Today


Score Distribution

Your Account Isn't Verified!

In order to create a playlist on Sporcle, you need to verify the email address you used during registration. Go to your Sporcle Settings to finish the process.

Report this User

Report this user for behavior that violates our Community Guidelines.

Details: